O referencial (Record no. 45217)
[ view plain ]
| 000 -Etiqueta do registo | |
|---|---|
| Valores | 00435nam a2200157 4500 |
| 100 ## - Dados gerais de processamento | |
| Dados gerais | 20251125 pory50 |
| 101 ## - Língua de publicação | |
| Língua | por |
| 102 ## - País de publicação | |
| País | PT |
| 200 ## - Titulo e menção de responsabilidade | |
| Título próprio | O referencial |
| Informação de outro título | Revista da Associação 25 de Abril |
| Primeira menção de responsabilidade | Associação 25 de Abril |
| Outras menções de responsabilidade | dir Aniceto Afonso ... [et al.] |
| 210 ## - Publicação | |
| Local de publicação | Lisboa |
| Nome do editor | Associação 25 de Abril |
| Data de publicação | -2023 |
| 215 ## - Descrição física | |
| Paginação / Volumes | v. |
| 675 ## - CDU | |
| Notação | 32(469) |
| 801 ## - Fonte de origem | |
| País | PT |
| Regras de catalogação | RPC |
| 990 ## - Elementos KOHA | |
| Tipo de documento | Jornais e Revistas |
| Aquisição | Empréstimo | Código de barras | Cota | Permissão de empréstimo | Tipo de documento | Nota relativa ao exemplar |
|---|---|---|---|---|---|---|
| Biblioteca Municipal de Redondo | Biblioteca Municipal de Redondo | 055910 | 32(469)(05) ASS | Consulta presencial | Jornais e Revistas | 2023 n.º 148 |